| 000 | 01058nam a2200205 i 4500 | ||
|---|---|---|---|
| 001 | 158988 | ||
| 003 | ES-MaACL | ||
| 005 | 20250719062543.0 | ||
| 008 | 040906s1888 sp |||| | spa d | ||
| 100 | 1 |
_aMartínez Esteban, Ricardo. _9129626 |
|
| 245 | 1 | 0 |
_aHigiene de los establecimientos penales y del penado / _cpor Ricardo Martínez Esteban. |
| 260 |
_aAlcalá de Henares : _b[s.n.], _c1888 ( _fImp. de "La cuna de Cervantes") |
||
| 300 |
_a50 p. ; _c19 cm. |
||
| 650 | 4 |
_aEstablecimientos penitenciarios- _zEspaña. _9145832 |
|
| 852 |
_aES-MaACL _jD-91(1) _bR.FOLL.7/1 _cSVI _hDonación: Francisco Lastres y Juiz _9164917 _dOlim: 193-C-14 _fSello en tinta en portada: "Donativo del Sr. Lastres al Ateneo de Madrid 1907" _gAnotación manuscrita en portada: "Foletos penitenciarios. Tomo 14" _xEnuadernado con otras obras formando un volumen facticio _xEncuadernación holandesa |
||
| 903 |
_aLastres y Juiz, Francisco, _d1848-1918 _q1 _ednr _970504 |
||
| 942 |
_2udc _cFOLLETOS |
||
| 999 |
_c158988 _d158988 |
||